Hydraulics and Pneumatics (Record no. 344906)

MARC details
000 -LEADER
fixed length control field 00463nam a2200169Ia 4500
008 - FIXED-LENGTH DATA ELEMENTS--GENERAL INFORMATION
fixed length control field 230718s9999 xx 000 0 und d
020 ## - INTERNATIONAL STANDARD BOOK NUMBER
International Standard Book Number 9789384588908
041 ## - LANGUAGE CODE
Language code of text/sound track or separate title eng
082 ## - DEWEY DECIMAL CLASSIFICATION NUMBER
Classification number 621.51
Item number JAG
100 ## - MAIN ENTRY--PERSONAL NAME
Personal name Jagadeesha T.
245 ## - TITLE STATEMENT
Title Hydraulics and Pneumatics
260 ## - PUBLICATION, DISTRIBUTION, ETC. (IMPRINT)
Date of publication, distribution, etc. 2015
Name of publisher, distributor, etc. I.K. International
300 ## - PHYSICAL DESCRIPTION
Extent 427
Accompanying material [OBSOLETE, CAN/MARC] Ref 182 M (56113)
365 ## - TRADE PRICE
Currency code Rs.
Price amount 395.00
700 ## - ADDED ENTRY--PERSONAL NAME
Personal name Jagadeesha T.
906 ## - LOCAL DATA ELEMENT F, LDF (RLIN)
d O:0559105-Jul-2017B:IN9910-Jun-2017
c MECH
b 197.5
Holdings
Withdrawn status Lost status Source of classification or shelving scheme Reference No Damaged status Not for loan Home library Current library Date acquired Vendor Budget Code Cost, normal purchase price Bill number Full call number Barcode Date last seen Discount Cost, replacement price Bill Date Koha item type Original Barcode
    Dewey Decimal Classification Ref 182 M (56113)   Reference Cummins College of Engineering for Women Pune Cummins College of Engineering for Women Pune 05/07/2017 Pradeep Book Distributors MECH 296.25 IN99 621.51 CCEP-BK-56113 18/07/2023 197.5 395.00 10/06/2017 Books 056113